Statistics for Battlefield 4 Multiplayer Maps

Click here to take the quiz!

General Stats

  • This quiz has been taken 82 times
  • The average score is 10 of 30

Answer Stats

Answer% Correct
Operation Locker
75%
Caspian Border
61%
Operation Metro
61%
Dawnbreaker
57%
Paracel Storm
53%
Zavod 311
53%
Operation Firestorm
47%
Flood Zone
45%
Golmud Railway
45%
Hainan Resort
37%
Lancang Dam
37%
Gulf of Oman
33%
Pearl Market
33%
Propaganda
33%
Rogue Transmission
31%
Silk Road
31%
Nansha Strike
29%
Operation Whiteout
27%
Hangar 21
22%
Lost Islands
22%
Giants of Karelia
20%
Lumphini Garden
20%
Seige of Shanghai
18%
Altai Range
16%
Dragon Pass
16%
Guilin Peaks
16%
Operation Mortar
16%
Sunken Dragon
16%
Wave Breaker
16%
Hammerhead
12%

Score Distribution

Percentile by Number Answered

Percent of People with Each Score

Your Score History

You have not taken this quiz